| Tag |
First Indicator |
Second Indicator |
Subfields |
| LEADER |
00000cam a2200000 a 4500 |
| 001 |
in00001141521 |
| 005 |
20150930095858.0 |
| 007 |
hd afb???buca |
| 008 |
930917s1971 dcua a 000 0 eng d |
| 035 |
|
|
|a (OCoLC)28841861
|
| 035 |
|
|
|9 AGB5587AM
|
| 040 |
|
|
|a TXA
|c TXA
|d UtOrBLW
|
| 043 |
|
|
|a n-us---
|
| 049 |
|
|
|a TXAI
|
| 099 |
|
|
|a film
|a B
|a 3795
|a reel 3
|a frame
|a 228-304
|
| 100 |
1 |
|
|a Brown, William M.
|
| 245 |
1 |
0 |
|a Recovery from a nuclear attack :
|b a study based upon a hypothetical 1973 war scenario /
|c by William M. Brown.
|
| 264 |
|
1 |
|a [Washington, D.C.] :
|b [Office of Civil Defense, 1971]
|c [date of publication not identified]
|
| 300 |
|
|
|a 69 pages :
|b illustrations
|
| 336 |
|
|
|a text
|b txt
|2 rdacontent
|
| 337 |
|
|
|a microform
|b h
|2 rdamedia
|
| 338 |
|
|
|a microfilm reel
|b hd
|2 rdacarrier
|
| 500 |
|
|
|a "October 1971."
|
| 500 |
|
|
|a Final report for Office of Civil Defense.
|
| 533 |
|
|
|a Microfilm.
|b Frederick, Md. :
|c University Publications of America,
|d 1982.
|e On reel 3 of 17 microfilm reels ; 35 mm.
|f (Special studies series. Nuclear weapons, arms control, and the threat of thermonuclear war. 1969-1981).
|
| 539 |
|
|
|a s
|b 1982
|d mdu
|e n
|g a
|
| 500 |
|
|
|a Microform.
|
| 650 |
|
0 |
|a Nuclear warfare.
|
| 650 |
|
0 |
|a Civil defense
|z United States.
|
| 710 |
1 |
|
|a United States.
|b Office of Civil Defense.
|
| 830 |
|
0 |
|a Special studies series.
|p Nuclear weapons, arms control, and the threat of thermonuclear war.
|p 1969-1981.
|
| 999 |
|
|
|a MARS
|
| 999 |
f |
f |
|s b1673223-7d48-370a-8d4e-ea37ef91dfe9
|i a938bcf6-9232-3f4b-b6f5-aacb722c8178
|t 0
|
| 952 |
f |
f |
|p default
|a Texas A&M University
|b College Station
|c Sterling C. Evans Library
|d Evans: Microforms (3rd floor)
|t 0
|e film B 3795 reel 3 frame 228-304
|h Other scheme
|i microform -- microfilm reel
|
| 998 |
f |
f |
|a film B 3795 reel 3 frame 228-304
|t 0
|l Evans: Microforms (3rd floor)
|